000
00262nam a2200097Ia 4500
008
170619s9999 xx 000 0 und d
100
_a
Maitri- V
245
0
_a
Theory and Applicition Ecoromocs in Highway and Transport Planning
260
_b
Standard PUB
260
_c
2010
546
_a
ENGLISH
999
_c
21632
_d
21632